000
00254nam a2200097Ia 4500
008
230508s2003 xx 000 0 und d
041
_a
eng
100
_a
P.I.IABOLONTY
245
_a
AUTOMATION IN ELECTRICAL POWER SYSTEMS
260
_b
MIR PUBLI.MOSCOW
_c
2003
999
_c
721471
_d
721471